Flowers of the Himalaya / (Record no. 47545)

MARC details
000 -LEADER
fixed length control field 00581nam a22002057a 4500
003 - CONTROL NUMBER IDENTIFIER
control field OSt
008 - FIXED-LENGTH DATA ELEMENTS--GENERAL INFORMATION
fixed length control field 250220b |||||||| |||| 00| 0 eng d
020 ## - INTERNATIONAL STANDARD BOOK NUMBER
International Standard Book Number 0192176234
082 ## - DEWEY DECIMAL CLASSIFICATION NUMBER
Classification number 635.9095496
Item number P77F
100 ## - MAIN ENTRY--PERSONAL NAME
Personal name Polunin, Oleg.
245 ## - TITLE STATEMENT
Title Flowers of the Himalaya /
Statement of responsibility, etc. by Oleg Polunin and Adam Stainton
260 ## - PUBLICATION, DISTRIBUTION, ETC. (IMPRINT)
Place of publication, distribution, etc .- Bombay
Name of publisher, distributor, etc : Oxford University Press
Date of publication, distribution, etc , 1988
300 ## - PHYSICAL DESCRIPTION
Extent xxx,580p.
650 ## - SUBJECT ADDED ENTRY--TOPICAL TERM
Topical term or geographic name as entry element Technology (Applied Sciences)
650 ## - SUBJECT ADDED ENTRY--TOPICAL TERM
Topical term or geographic name as entry element Agriculture and Related Sciences
650 ## - SUBJECT ADDED ENTRY--TOPICAL TERM
Topical term or geographic name as entry element Flowers
650 ## - SUBJECT ADDED ENTRY--TOPICAL TERM
Topical term or geographic name as entry element Himalaya
700 ## - ADDED ENTRY--PERSONAL NAME
Personal name Stainton, Adam.
942 ## - ADDED ENTRY ELEMENTS (KOHA)
Source of classification or shelving scheme
Koha item type Donated Books
Holdings
Withdrawn status Lost status Source of classification or shelving scheme Damaged status Not for loan Home library Current library Date acquired Source of acquisition Total Checkouts Full call number Barcode Date last seen Bill Date Koha item type Bill Number
          Dr. Rajendra Prasad Central Agricultural University Pusa, Dr. Rajendra Prasad Central Agricultural University Pusa, 20/02/2025 Donated   635.9095496 P77F 81692 20/02/2025   Donated Books Gift
Hosted, Implemented, Customized & Maintained by: BestBookBuddies

Powered by Koha